000 00950nam0a22002651 4500
001 rc\3332148
005 20260406180354.0
021 _aRU
_bРг3204-75
035 _a(NLR Aleph) 007425961
090 _a6965816
_c6965816
100 _a20130115d1973 |||y0rusy50 ca
101 0 _arus
102 _aRU
105 _ay z |||||
200 1 _aПамятка читателя
_fТартуский гос. ун-т. Науч. б-ка
210 _aТарту
_cБ. и.
_d1973
215 _a26 с.
_d20
300 _aНа обл. загл.: Памятка читателя Научной библиотеки ТГУ
512 0 _aПамятка читателя Научной библиотеки ТГУ
710 0 2 _aТартуский университет
_bНаучная библиотека
_3RU\NLR\AUTH\889944914
_9385117
801 0 _aRU
_bNLR
_gpsbo
801 1 _aRU
_bELAR
_2rusmarc
852 _aNLR
_jБ 6320/П-158
942 _cBOOK
980 _aNB